000 01913nam a22002297a 4500
003 BJBSDDR
005 20260302104118.0
007 ta
008 260302s2019 fr ||||| |||| 00| 0 fre d
020 _a9782247190614
020 _a 2247190618
040 _bspa
_cBJBSDDR
041 _afre
050 _bB773 2019
100 1 _aBourguinat, Henri
_947246
245 1 3 _aLe protectionnisme avant et après Trump /
_cHenri Bourguinat
260 _aParis :
_bDalloz,
_c2019
300 _a221 pages ;
_c21 cm
520 _aSi le terme de protection se trouve souvent bien reçu (protection de la nature, des populations fragiles, etc.), le paradigme protectionniste qui en procède directement a été "ostracisé" dans le passé récent par la grande majorité des économistes et par l'opinion. En 2016, alors que l'on pensait pouvoir donner un nouvel élan à l'échange en organisant des méga-marchés associant les États-Unis avec l'Europe ou encore l'Asie, intervint alors une surprise de taille : l'entrée dans le débat de Donald Trump, nouvellement élu à la présidence des États-Unis. C'est ainsi que débute le revirement américain en faveur du protectionnisme et, par là même, la guerre économique bilatérale États-Unis - Chine ; alors que les autres pays restent d'abord hésitants, encouragés par une habile politique d'exemptions américaine, il est cependant clair que, dès ce moment, c'est toute la structure du commerce international qui se trouve menacée. L'ironie de la période récente en ce qui concerne le seul protectionnisme vient de ce qu'on est passé d'un temps de pusillanimité excessive à celui d'un risque de protectionnisme "à tout faire" qui n'est pas moins dangereux que le précédent. Une décantation devient urgente pour, ensuite, s'attacher à combiner raisonnablement protectionnisme et échange international.
942 _2lcc
_n0
_cBK
946 _icmc
999 _c126481
_d126481